Villes de Floride - Carte Quiz - Statistiques

Statistiques générales
  • Ce quiz a été pris 245 fois
  • Le résultat moyen est 6 sur 14
Réponses sur la Carte
Les réponses sont colorées sur une échelle allant du rouge au vert en fonction du pourcentage des utilisateurs qui les ont devinées à leur premier essai. Vous pouvez retrouver ces pourcentages ci-dessous.
 
Statistiques - réponses
Réponse % Correct
Miami
88%
Orlando
69%
Key West
66%
Tampa
57%
Jacksonville
54%
Tallahassee
45%
Palm Beach
40%
Cape Canaveral
39%
Daytona Beach
31%
Fort Myers
31%
Gainesville
24%
Okeechobee
24%
Pensacola
22%
Panama City
21%
Aucun quiz correspondant
Distribution des résultats
% des personnes avec chaque résultat
Percentile par nombre de réponses
Votre historique - résultats
Vous n’avez pas pris ce quiz